7 Ecumenical Councils - Statistics

General Stats
  • This quiz has been taken 21 times
  • The average score is 8 of 9
Answer Stats
Question Tile Select % Correct
Name all 7 Ecumenical Christian councils confirmed by both Eastern Orthodox and Roman Catholics (Prior to 1054) Council of Ephesus Yes
100%
Name all 7 Ecumenical Christian councils confirmed by both Eastern Orthodox and Roman Catholics (Prior to 1054) First Council of Constantinople Yes
100%
Name all 7 Ecumenical Christian councils confirmed by both Eastern Orthodox and Roman Catholics (Prior to 1054) First Council of Nicaea Yes
100%
Name all 7 Ecumenical Christian councils confirmed by both Eastern Orthodox and Roman Catholics (Prior to 1054) Second Council of Constantinople Yes
100%
Name all 7 Ecumenical Christian councils confirmed by both Eastern Orthodox and Roman Catholics (Prior to 1054) Second Council of Nicaea Yes
100%
Name all 7 Ecumenical Christian councils confirmed by both Eastern Orthodox and Roman Catholics (Prior to 1054) Council of Chalcedon Yes
93%
Name all 7 Ecumenical Christian councils confirmed by both Eastern Orthodox and Roman Catholics (Prior to 1054) First Ecumenical Council of the Vatican No
93%
Name all 7 Ecumenical Christian councils confirmed by both Eastern Orthodox and Roman Catholics (Prior to 1054) Council of Jerusalem No
80%
Name all 7 Ecumenical Christian councils confirmed by both Eastern Orthodox and Roman Catholics (Prior to 1054) Third Council of Constantinople Yes
73%
No matching quizzes found
Score Distribution
Percent of People with Each Score
Percentile by Number Answered
Your Score History
You have not taken this quiz